|
|
|
|
| LEADER |
01242cam a2200301 7i4500 |
| 001 |
0000033907 |
| 005 |
20170110090000.0 |
| 007 |
##ta |
| 008 |
170110s2016 dcu b 001 0 eng |
| 020 |
# |
# |
|a 9780815726968
|
| 040 |
# |
# |
|a DLC
|
| 090 |
0 |
0 |
|a I 337.8051
|b LAT
|
| 245 |
0 |
0 |
|a LATIN AMERICA AND THE ASIAN GIANTS : EVOLVING TIES WITH CHINA AND INDIA
|c Edited by Riordan Roett and Guadalupe Paz ; with Theodore Kahn.
|
| 264 |
# |
1 |
|a Washington, D.C.:
|b Brookings Institution Press,
|c 2016.
|
| 300 |
# |
# |
|a ix, 326 pages:
|b illustrations;
|c 23 cm.
|
| 336 |
# |
# |
|a text
|2 rdacontent
|
| 337 |
# |
# |
|a unmediated
|2 rdamedia
|
| 338 |
# |
# |
|a volume
|2 rdacarrier
|
| 504 |
# |
# |
|a Includes bibliographical references and index
|
| 651 |
# |
0 |
|a China --
|x Foreign economic relations --
|z Latin America
|
| 651 |
# |
0 |
|a India --
|x Foreign economic relations --
|z Latin America
|
| 651 |
# |
0 |
|a Latin America --
|x Foreign economic relations --
|z India
|
| 651 |
# |
0 |
|a Latin America --
|x Foreign economic relations --
|z China
|
| 700 |
1 |
# |
|a Roett, Riordan(
|d 1938-)
|
| 700 |
1 |
# |
|a Paz, Guadalupe(
|d 1970-)
|
| 700 |
1 |
# |
|a Kahn, Theodore
|
| 999 |
|
|
|a B000038393
|b Book
|c Regions
|e Business Information Centre
|
| 999 |
|
|
|a 0000038393
|b Book
|c International
|e Business Information Centre
|